Usa General Knowledge Quiz - Statistics

General Stats
  • This quiz has been taken 130 times
  • The average score is 12 of 15
Answer Stats
Question Answer % Correct
Whats the smallest state Rhode Island
95%
What State is Boston in Massachusetts
92%
What city has the most celebrities Los Angeles
91%
What state is Denver in Colorado
88%
What stale is Seattle in Washington
88%
What is the northernmost state Alaska
86%
Whats the biggest state by size? Alaska
85%
What state has the highest population California
85%
What City is known as the windy city? Chicago
84%
What state is known as The sunshine state Florida
78%
What state is Milwaukee in Wisconsin
78%
What is the least populous state Wyoming
72%
What state is known as the prairie state? Illinois
64%
What is the southernmost state Hawaii
55%
Whats the biggest city by size in america? Jacksonville
14%
No matching quizzes found
Score Distribution
Percent of People with Each Score
Percentile by Number Answered
Your Score History
You have not taken this quiz